[Event "Challenge"]
[Site "http://www.queenalice.com/game.php?id=1870784"]
[Date "2026.3.21"]
[Round "-"]
[White "Leanne"]
[Black "crisvolei"]
[Result "0-1"]
[WhiteElo "1262"]
[BlackElo "1604"]

1. e4 e5 2. f4 exf4 3. Nc3 Qh4+ 4. g3 fxg3 5. Nf3 g2+ 6. Nxh4 gxh1=Q 7. Qe2 c6
8. d3 Be7 9. Qf2 b6 10. Bf4 g5 11. Bg3 gxh4 12. Bf4 h3 13. O-O-O Bh4 14. Qe2 Qg1
15. Bxh3 Qf2 16. Qxf2 Bxf2 17. Be5 f6 18. Bg3 Be3+ 19. Kb1 Na6 20. e5 Nb4 21.
Re1 Bd2 22. Re4 Bxc3 23. exf6+ Kf7 24. bxc3 Nxf6 25. Be5 Nxe4 26. Bxh8 Nxd3 27.
cxd3 Nf2 28. Bf5 h5 29. Bd4 Ng4 30. h3 Nh6 0-1

[Event "Challenge"]
[Site "http://www.queenalice.com/game.php?id=1870785"]
[Date "2026.3.21"]
[Round "-"]
[White "crisvolei"]
[Black "Leanne"]
[Result "1-0"]
[WhiteElo "1602"]
[BlackElo "1264"]

1. e4 e5 2. Nh3 Be7 3. d4 d6 4. g4 Nf6 5. Ng5 O-O 6. Bc4 Bxg4 7. Qd3 Nc6 8.
Bxf7+ Kh8 9. Be6 Bh5 10. Qh3 Qe8 11. dxe5 Nxe5 12. Nc3 Nf3+ 13. Nxf3 Bxf3 14.
Qxf3 d5 15. exd5 Nh5 16. Qe4 g6 17. Bh6 Rf6 18. a4 Bc5 19. Nb5 Qd8 20. Bg5 Rxe6
21. Qxe6 Qxg5 22. Nxc7 Rf8 23. d6 Bxf2+ 24. Kd1 Nf4 25. Qe7 Qg4+ 26. Kc1 Ne2+
27. Kb1 Nc3+ 28. bxc3 Bh4 29. Qxf8# 1-0

[Event "Challenge"]
[Site "http://www.queenalice.com/game.php?id=1871293"]
[Date "2026.4.1"]
[Round "-"]
[White "Leanne"]
[Black "crisvolei"]
[Result "0-1"]
[WhiteElo "1229"]
[BlackElo "1591"]

1. Nf3 f6 2. d4 d5 3. Nc3 Na6 4. e3 Nb4 5. Be2 Bf5 6. Bb5+ c6 7. Ba4 b5 8. Bb3
a5 9. a4 e5 10. O-O exd4 11. Nxd4 Bxc2 12. Nxc2 Nxc2 13. Bxc2 b4 14. Ne2 Qb6 15.
e4 Bc5 16. Be3 Bxe3 17. Ng3 O-O-O 18. exd5 Rxd5 19. Qe2 Rd2 20. Qg4+ Rd7 21.
Rad1 f5 22. Qxf5 Qa7 23. Kh1 Nf6 24. Ne4 Rf8 25. Qe6 Bd4 26. Qxc6+ Kd8 27. Nxf6
Rxf6 28. Qe4 Bxb2 29. Qe3 Bd4 30. Rxd4 Rxd4 31. Re1 Qd7 0-1

[Event "Challenge"]
[Site "http://www.queenalice.com/game.php?id=1871294"]
[Date "2026.4.1"]
[Round "-"]
[White "crisvolei"]
[Black "Leanne"]
[Result "1-0"]
[WhiteElo "1589"]
[BlackElo "1231"]

1. e4 d6 2. d4 Nf6 3. Qf3 e5 4. h3 Nc6 5. c3 exd4 6. c4 Ne5 7. Qb3 Nxe4 8. c5
dxc5 9. Nf3 c4 10. Qb5+ Nc6 11. Bxc4 Bb4+ 12. Nbd2 Bxd2+ 13. Nxd2 Nd6 14. Qd5
O-O 15. Nf3 Qe8+ 16. Kd1 Nxc4 17. Qxc4 Ne5 18. Nxe5 Qxe5 19. g3 Qe4 20. Re1 Qf3+
21. Kc2 Qxf2+ 22. Bd2 Bf5+ 23. Kc1 Rae8 24. Rd1 d3 25. g4 Re2 26. Qc3 Rxd2 27.
Qxd2 Qe2 28. gxf5 Qxd1+ 29. Kxd1 Rd8 30. Rc1 Rd5 31. Rxc7 g6 32. f6 1-0

[Event "Challenge"]
[Site "http://www.queenalice.com/game.php?id=1871746"]
[Date "2026.4.9"]
[Round "-"]
[White "crisvolei"]
[Black "Leanne"]
[Result "1-0"]
[WhiteElo "1581"]
[BlackElo "1255"]

1. a4 d5 2. d4 Nf6 3. f3 e6 4. Bg5 Be7 5. Nc3 c5 6. e4 O-O 7. exd5 exd5 8. Bb5
Bd7 9. Qe2 cxd4 10. Bxd7 Qxd7 11. Nb5 Nc6 12. O-O-O Qf5 13. h4 d3 14. Rxd3 Nb4
15. Rd2 Bd8 16. Nd6 Qd7 17. Bf4 Qxa4 18. Rd4 Nxc2 19. Rxa4 b5 20. Ra6 Nb4 21.
Ra5 Bxa5 22. Qxb5 Nd3+ 23. Qxd3 Bc7 24. Ne2 Bxd6 25. Bxd6 Rfe8 26. Nf4 g6 27. g4
a5 28. Qd4 Nd7 29. Qxd5 a4 30. h5 Nf6 31. Qg5 1-0

[Event "Challenge"]
[Site "http://www.queenalice.com/game.php?id=1871747"]
[Date "2026.4.9"]
[Round "-"]
[White "Leanne"]
[Black "crisvolei"]
[Result "1-0"]
[WhiteElo "1273"]
[BlackElo "1571"]

1. b3 e5 2. Bb2 Qg5 3. Nf3 Qf5 4. d4 Nc6 5. g3 e4 6. Nh4 Qd5 7. e3 b5 8. Bg2 a5
9. O-O Ba6 10. Nc3 Qe6 11. Nxe4 b4 12. Re1 d5 13. Nc5 Bxc5 14. dxc5 O-O-O 15.
Bxg7 Nge7 16. Bxh8 Rxh8 17. a3 Rd8 18. axb4 Bb5 19. bxa5 Nb4 20. e4 d4 21. Qd2
d3 22. Qxb4 c6 23. a6 Kb8 24. a7+ Ka8 25. cxd3 Rxd3 26. Qa5 Qd7 27. Nf5 Nc8 28.
Bf1 Rxb3 29. Ra3 Rb2 30. Qc3 Rd2 31. Bxb5 cxb5 32. c6 Qd8 33. c7 Qd7 34. Qc5 Rd1
35. Ne7 Rxe1+ 36. Kg2 b4 37. Nxc8 Qxc8 38. Qc6+ Qb7 39. c8=Q# 1-0